000 00944nam a22001937a 4500
999 _c371322
_d371322
008 201127b ||||| |||| 00| 0 eng d
040 _aDE-2950
_bger
_cDE-2950
_erda
041 _ager
245 _aDienstag ist ein ungünstiger Tag.
_bDer Schriftsteller Franz Fühmann (1922-1984) wanderte einst im Auftrag der DDR auf den Spuren Theodor Fontanes durch Brandenburg. Seine Notizen verraten viel über den Alltag im sozialistischen Staat .../
_cGabriele Radecke und Robert Rauh
264 _c2022
490 _aBrandenburger Blätter
_v15./16.01.2022
653 _aFühmann, Franz; Schriftsteller, Drehbuchautor, Schriftsteller, 1922-1984
653 _aBrandenburg <Land>
773 _dFrankfurt (Oder) Märkisches Verlags- und Druckhaus GmbH & Co KG
_tMärkische Oderzeitung
_g33. Jahrgang (2022) Nr. 12 vom 15./16.01.2022, Journal am Wochenende, S. 4
942 _cA